000 00310nam a2200121Ia 4500
005 20251222144841.0
008 251222s9999||||xx |||||||||||||| ||spa||
082 _a331.880.9/P26
100 _aParodi, Jorge
245 0 _aSer Obrero es algo Relativo:
264 _bInstituto de Estudios Peruanos
942 _cLIB
999 _c21220
_d21220